Le invenzioni della natura e la bionica (Record n. 336909)

Dettagli MARC
000 -LEADER
fixed length control field 01117nam a2200265Ia 4500
001 - CONTROL NUMBER
control field 001.53- COI yv in (6791)
003 - CONTROL NUMBER IDENTIFIER
control field IT-MiSPE
008 - FIXED-LENGTH DATA ELEMENTS--GENERAL INFORMATION
fixed length control field 171229s9999||||xx |||||||||||||| ||und||
040 ## - CATALOGING SOURCE
Original cataloging agency IT-MiSPE
Transcribing agency IT-MiSPE
041 ## - LANGUAGE CODE
Language code of text/sound track or separate title ITALIANO
999 ## - SYSTEM CONTROL NUMBERS (KOHA)
Koha Dewey Subclass [OBSOLETE] NO
100 ## - MAIN ENTRY--PERSONAL NAME
Personal name Yves Coineau
240 ## - UNIFORM TITLE
Uniform title Les inventions de la nature et la bionique
245 #0 - TITLE STATEMENT
Title Le invenzioni della natura e la bionica
250 ## - EDITION STATEMENT
Edition statement 1a ed. (v)
260 ## - PUBLICATION, DISTRIBUTION, ETC. (IMPRINT)
Place of publication, distribution, etc. Cinisello Balsamo
Name of publisher, distributor, etc. Edizioni Paoline
Date of publication, distribution, etc. 1989
300 ## - PHYSICAL DESCRIPTION
Extent 97 p.
Dimensions 28 cm
490 ## - SERIES STATEMENT
Series statement Homo sapiens 2000
Volume/sequential designation 8
501 ## - WITH NOTE
With note Edizioni San Paolo srl - Piazza Soncino, 5 - 20092 CINISELLO BALSAMO (MI) (non commercial uses only) ® Copyright 2018
650 ## - SUBJECT ADDED ENTRY--TOPICAL TERM
Topical term or geographic name as entry element Natura; Bionica
700 ## - ADDED ENTRY--PERSONAL NAME
Personal name Biruta Kresling
700 ## - ADDED ENTRY--PERSONAL NAME
Personal name Tamara Montali
942 ## - ADDED ENTRY ELEMENTS (KOHA)
Koha item type LIBRO
957 ## -
-- 1
999 ## - SYSTEM CONTROL NUMBERS (KOHA)
-- Copie: 1
Dati di copia
Withdrawn status Lost status Damaged status Not for loan Home library Current library Date acquired Total Checkouts Full call number Date last seen Price effective from Koha item type Public note
    Buone Condizioni Not For Loan CINISELLO CINISELLO 30/12/2017   001.53- COI yv in (6791) 30/12/2017 30/12/2017 LIBRO (data import: 20 dicembre 2017) - By Epidotti, Vaglietti.
CREDITS: SOCIETA' SAN PAOLO Via A.Severo, 58 - ROMA (RM) & PERIODICI SAN PAOLO SRL Via Giotto, 36 MILANO & CISF Via Giotto, 36 MILANO & EDIZIONI SAN PAOLO SRL,  Piazza Soncino, 5 CINISELLO BALSAMO (MI) -- ITALY